[Event "8th ch-Euro"]
[Site "Dresden GER"]
[Date "2007.04.06"]
[Round "4"]
[White "Jobava,Ba"]
[Black "Klokas,K"]
[Result "1-0"]
[WhiteElo "2650"]
[BlackElo "2231"]
[EventDate "2007.04.03"]

1. e4 c5 2. Nf3 Nc6 3. d4 cxd4 4. Nxd4 Nf6 5. Nc3 e5 6. Ndb5 d6 7. Bg5 a6
8. Na3 b5 9. Bxf6 gxf6 10. Nd5 f5 11. Bd3 Be6 12. Qh5 Bg7 13. O-O f4 14. c4
O-O 15. Rac1 b4 16. Nc2 Rb8 17. b3 Kh8 18. Rfd1 Rg8 19. Be2 Bf8 20. Kf1 Rg6
21. h3 Rh6 22. Qf3 Qg5 23. Qd3 Be7 24. Bf3 a5 25. Nc7 Rg8 26. Ra1 Bd8 27.
Nxe6 Rxe6 28. Qd5 Ne7 29. Qb7 Qg7 30. Ne1 Ng6 31. Bg4 Rf6 32. Rd3 Nh4 33.
Rad1 h5 34. Bf3 Nxf3 35. Rxf3 Rg6 36. Ke2 Qf8 37. Rfd3 Re6 38. c5 Rgg6 39.
Qb8 Be7 40. Qxf8+ Bxf8 41. c6 Re8 42. Rd5 Rc8 43. Rc1 1-0

[Event "8th ch-Euro"]
[Site "Dresden GER"]
[Date "2007.04.06"]
[Round "4"]
[White "Sargissian,G"]
[Black "Stern,R"]
[Result "1/2-1/2"]
[WhiteElo "2658"]
[BlackElo "2476"]
[EventDate "2007.04.03"]

1. d4 Nf6 2. c4 e6 3. Nf3 d5 4. g3 dxc4 5. Bg2 c5 6. O-O Nc6 7. dxc5 Qxd1
8. Rxd1 Bxc5 9. Nbd2 c3 10. bxc3 Bd7 11. Nb3 Be7 12. c4 O-O 13. Be3 Rac8
14. Nc5 Bxc5 15. Bxc5 Rfd8 16. Rac1 b6 17. Ba3 Be8 18. Rxd8 Rxd8 19. c5 h6
20. cxb6 axb6 21. Bb2 Nd5 22. Ne1 Ra8 23. a3 b5 24. Nd3 Rb8 25. Rc5 b4 26.
a4 Ra8 27. a5 Rxa5 28. Rxa5 Nxa5 29. Bxd5 exd5 30. Nxb4 Bb5 31. e3 Bc4 32.
f3 f6 33. g4 Kf7 34. Kg2 Kg6 35. Bc3 h5 1/2-1/2

[Event "8th ch-Euro"]
[Site "Dresden GER"]
[Date "2007.04.06"]
[Round "4"]
[White "Gordon,S"]
[Black "Miroshnichenko,E"]
[Result "1/2-1/2"]
[WhiteElo "2486"]
[BlackElo "2632"]
[EventDate "2007.04.03"]

1. d4 Nf6 2. c4 e6 3. Nf3 b6 4. g3 Ba6 5. Qc2 Bb7 6. Bg2 c5 7. d5 exd5 8.
cxd5 Nxd5 9. Qb3 Nc7 10. Ne5 d5 11. Nc3 Be7 12. Bf4 O-O 13. O-O-O c4 14.
Nxc4 dxc4 15. Rxd8 Bxd8 16. Bxb7 cxb3 17. Bxc7 bxa2 18. Nxa2 Bxc7 19. Bxa8
Nd7 20. Bd5 Nf6 21. Bf3 Be5 22. Nb4 Bd4 23. e3 Bc5 24. Nc6 a5 25. Rd1 Re8
26. Rd8 Kf8 27. Rxe8+ Nxe8 28. Kc2 Nd6 29. Kd3 Ke8 30. Bd5 f6 31. Nd4 g6
32. h4 f5 33. Ne6 Bb4 34. h5 gxh5 35. Ng7+ Ke7 36. Nxh5 a4 37. Nf4 Bc5 38.
Bc6 a3 39. bxa3 Bxa3 40. Nd5+ Kd8 41. Nc3 Bc5 42. f4 1/2-1/2

[Event "8th ch-Euro"]
[Site "Dresden GER"]
[Date "2007.04.06"]
[Round "4"]
[White "Asrian,K"]
[Black "Handke,F"]
[Result "1/2-1/2"]
[WhiteElo "2634"]
[BlackElo "2459"]
[EventDate "2007.04.03"]

1. e4 e5 2. Nf3 Nc6 3. Bc4 Nf6 4. d3 Be7 5. O-O d6 6. c3 O-O 7. Re1 Na5 8.
Bb5 a6 9. Ba4 b5 10. Bc2 c5 11. Nbd2 Re8 12. Nf1 g6 13. h3 Bb7 14. a4 Nc6
15. Ng3 Bf8 16. Bb3 Na5 17. Bc2 Bg7 18. d4 exd4 19. cxd4 cxd4 20. axb5 axb5
21. Nxd4 d5 22. Nxb5 Qb6 23. Ba4 Nxe4 24. Nxe4 Rxe4 25. Rxe4 dxe4 26. Be3
Qf6 27. Bd4 Qg5 28. h4 Qxh4 29. Bxg7 e3 30. fxe3 Qg5 31. Qe2 Kxg7 32. Nd6
Bd5 33. e4 Be6 34. Ne8+ Kf8 35. Qf2 Rxe8 36. Bxe8 Kxe8 37. Qb6 Bh3 38. Qb8+
Ke7 39. Qb4+ Ke6 40. Qb6+ Ke7 41. Qb4+ Ke6 42. Qb6+ 1/2-1/2

[Event "8th ch-Euro"]
[Site "Dresden GER"]
[Date "2007.04.06"]
[Round "4"]
[White "Akesson,R"]
[Black "Smirnov,P"]
[Result "1-0"]
[WhiteElo "2475"]
[BlackElo "2621"]
[EventDate "2007.04.03"]

1. d4 Nf6 2. c4 e6 3. Nc3 Bb4 4. Qc2 d5 5. cxd5 exd5 6. Bg5 c5 7. a3 Bxc3+
8. Qxc3 cxd4 9. Qxd4 Nc6 10. Qf4 d4 11. Bxf6 Qxf6 12. Qxf6 gxf6 13. Nf3 Ke7
14. g3 Be6 15. Bg2 Rhd8 16. O-O d3 17. Rfe1 Rac8 18. exd3 Rxd3 19. Rac1
Rcd8 20. Re3 Rd1+ 21. Rxd1 Rxd1+ 22. Re1 Rd3 23. Re3 Rd6 24. Kf1 Na5 25. b4
Nc4 26. Rc3 Bf5 27. Ke1 Bd3 28. Bh3 b5 29. Nh4 Rd5 30. Ng2 Rh5 31. Nf4 Re5+
32. Kd1 Bf5 33. Bf1 Bg4+ 34. f3 Be6 35. Nxe6 Ne3+ 36. Rxe3 Rxe3 37. Nd4
Rxa3 38. Bxb5 Kd6 39. Ke2 Ra2+ 40. Kd3 Rxh2 41. Bc4 Rb2 42. Kc3 Rg2 43.
Bxf7 Rg1 44. g4 Rc1+ 45. Kd3 Ke5 46. f4+ Kd6 47. Ke4 Re1+ 48. Kf5 Rd1 49.
Nb5+ Ke7 50. Bg8 Rd7 51. Nc3 Rb7 52. b5 Kf8 53. Bd5 Rc7 54. Ne4 Ke7 55.
Nxf6 Rc5 56. Ke5 Rxb5 57. Nxh7 Rb1 58. f5 Re1+ 59. Kd4 Kd6 60. Bb3 Rh1 61.
Kc3 Ke5 62. f6 Rc1+ 63. Kd2 1-0

[Event "8th ch-Euro"]
[Site "Dresden GER"]
[Date "2007.04.06"]
[Round "4"]
[White "Efimenko,Z"]
[Black "Orlov,And"]
[Result "1-0"]
[WhiteElo "2616"]
[BlackElo "2447"]
[EventDate "2007.04.03"]

1. e4 e5 2. Nf3 Nc6 3. Bc4 Nf6 4. d3 h6 5. O-O d6 6. c3 Be7 7. Bb3 O-O 8.
Nbd2 Kh8 9. Re1 Nh7 10. d4 Bf6 11. Nf1 Bg4 12. d5 Ne7 13. h3 Bd7 14. Ng3
Ng8 15. c4 g6 16. Ba4 Bc8 17. b4 Bg7 18. Bb2 h5 19. Rc1 Ng5 20. Nxg5 Qxg5
21. Rc3 a5 22. Bc1 Qh4 23. a3 axb4 24. axb4 Bh6 25. Bb2 Qe7 26. c5 h4 27.
Nf1 Nf6 28. cxd6 cxd6 29. Bb5 Nh5 30. Ne3 Bxe3 31. Rexe3 Nf4 32. Bf1 Kg8
33. Qc1 Bd7 34. Rc7 Rfc8 35. Rec3 Rxc7 36. Rxc7 Qd8 37. Rxb7 Rc8 38. Qd2
Ba4 39. Bc3 Ra8 40. b5 Bb3 41. Kh2 Bc4 42. Bxc4 Qc8 43. Rb6 Qxc4 44. Rxd6
Qxe4 45. f3 Qf5 46. b6 Qg5 47. b7 Rb8 48. Rb6 Qg3+ 49. Kg1 e4 50. fxe4
Nxh3+ 51. Kf1 Qh2 52. g4 Qh1+ 53. Ke2 Qxe4+ 54. Kd1 Qf3+ 55. Kc2 Qe4+ 56.
Kb2 Kh7 57. Qd4 1-0

[Event "8th ch-Euro"]
[Site "Dresden GER"]
[Date "2007.04.06"]
[Round "4"]
[White "Wojtaszek,R"]
[Black "Szabo,Kr1"]
[Result "1-0"]
[WhiteElo "2637"]
[BlackElo "2465"]
[EventDate "2007.04.03"]

1. Nf3 Nf6 2. c4 e6 3. g3 d5 4. Bg2 dxc4 5. Qa4+ c6 6. Qxc4 b5 7. Qc2 Bb7
8. a4 a6 9. Nc3 Nbd7 10. O-O Be7 11. d3 O-O 12. Be3 Rc8 13. Rfc1 Nd5 14.
Bd2 Qb6 15. Ne4 Nb4 16. Qd1 c5 17. axb5 axb5 18. Bxb4 cxb4 19. Ned2 Nc5 20.
b3 Nd7 21. Rxc8 Rxc8 22. d4 Nf6 23. e3 Nd5 24. Ne5 Nc3 25. Qf1 Bd5 26. Bxd5
Nxd5 27. Qe2 Qb7 28. Qf3 Bd6 29. Nd3 Ra8 30. Rxa8+ Qxa8 31. Ne4 Be7 32. Kg2
Qc8 33. Nec5 Qc7 34. h4 h6 35. Kg1 Qa7 36. Qe4 Qb6 37. Nd7 Qc7 38. N3c5 Qa7
39. Qf3 Qc7 40. Qe2 Qa5 41. Kh2 Nc3 42. Qf3 Qa7 43. Ne5 Bd6 44. Ncd7 Bxe5
45. Nxe5 Nd5 46. Nd3 Qa3 47. Nc5 Qb2 48. Kg2 Qd2 49. g4 Qc2 50. Qg3 Qd1 51.
g5 hxg5 52. hxg5 Ne7 53. Qf3 Qa1 54. Qe4 Qd1 55. Qa8+ Kh7 56. Qf3 Qxf3+ 57.
Kxf3 Kg6 58. Kg4 Nc6 59. f4 f5+ 60. gxf6 Kxf6 61. Kf3 Ke7 62. Ke4 Na5 63.
Kd3 Kd6 64. e4 g6 65. e5+ Ke7 66. Ke4 Kf7 67. d5 exd5+ 68. Kxd5 Ke7 69. e6
Ke8 70. Kd6 Kd8 71. e7+ Ke8 72. Na6 Nb7+ 73. Ke6 1-0

[Event "8th ch-Euro"]
[Site "Dresden GER"]
[Date "2007.04.06"]
[Round "4"]
[White "Fedorov,Alex"]
[Black "Landenbergue,C"]
[Result "1-0"]
[WhiteElo "2624"]
[BlackElo "2450"]
[EventDate "2007.04.03"]

1. e4 c5 2. d3 d5 3. exd5 Qxd5 4. Nc3 Qd8 5. g3 Nf6 6. Bg2 g6 7. Be3 Nbd7
8. a4 Bg7 9. a5 O-O 10. h3 e5 11. Nge2 Rb8 12. O-O b5 13. axb6 axb6 14. Ra7
Re8 15. f4 exf4 16. Bxf4 Ne5 17. Qd2 Bd7 18. Bg5 h6 19. Bxh6 Bc6 20. Bxg7
Kxg7 21. Qf4 Bxg2 22. Kxg2 Nc6 23. Raa1 Ne5 24. Rae1 Rb7 25. g4 Nd5 26.
Nxd5 Qxd5+ 27. Kg3 Re6 28. Nc3 Qd4 29. Qxd4 cxd4 30. Nb5 Nc6 31. Rxe6 fxe6
32. Nd6 Ra7 33. Kh4 Nb4 34. Rf2 Ra5 35. Rf7+ Kg8 36. Rf6 Re5 37. Rxg6+ Kh7
38. Nf7 Re3 39. Rxe6 Nxc2 40. Ng5+ Kg7 41. Rxb6 1-0

[Event "8th ch-Euro"]
[Site "Dresden GER"]
[Date "2007.04.06"]
[Round "4"]
[White "Aleksandrov,A"]
[Black "Paehtz,T sr"]
[Result "1-0"]
[WhiteElo "2601"]
[BlackElo "2427"]
[EventDate "2007.04.03"]

1. d4 e6 2. c4 Bb4+ 3. Nc3 b6 4. Bd2 Bb7 5. a3 Bxc3 6. Bxc3 Nf6 7. f3 d5 8.
cxd5 exd5 9. e3 O-O 10. Bd3 Re8 11. Kf2 Qe7 12. Qd2 a5 13. Ne2 Ba6 14. Bc2
Bxe2 15. Qxe2 c6 16. Rhe1 Nbd7 17. a4 Nf8 18. Kg1 Ne6 19. Rad1 Qb7 20. Qf2
b5 21. b3 Nd7 22. e4 bxa4 23. bxa4 Qa6 24. Bd3 Qa7 25. e5 Rab8 26. f4 Nef8
27. Be2 Rbc8 28. f5 c5 29. Bd3 c4 30. Bb1 Rb8 31. Bc2 Rb4 32. Re3 f6 33.
Rg3 Kh8 34. Re1 Rbb8 35. Qf1 Nb6 36. Qf4 Qd7 37. Bxa5 fxe5 38. dxe5 d4 39.
e6 Qd8 40. e7 Qd7 41. Qe5 1-0

[Event "8th ch-Euro"]
[Site "Dresden GER"]
[Date "2007.04.06"]
[Round "4"]
[White "Safarli,E"]
[Black "Yakovich,Yur"]
[Result "1-0"]
[WhiteElo "2445"]
[BlackElo "2577"]
[EventDate "2007.04.03"]

1. e4 c5 2. Nf3 e6 3. Nc3 a6 4. g3 b5 5. d4 cxd4 6. Nxd4 Bb7 7. Bg2 Nf6 8.
O-O b4 9. Na4 Bxe4 10. Bxe4 Nxe4 11. Re1 Nc5 12. Nxc5 Bxc5 13. Be3 Qb6 14.
a3 Nc6 15. Nxc6 Qxc6 16. Bxc5 Qxc5 17. axb4 Qxb4 18. b3 Qc5 19. Ra2 Ra7 20.
Qd3 a5 21. Re4 O-O 22. Rc4 Qb6 23. Qc3 g6 24. h4 h5 25. Rc5 Rfa8 26. Ra4
Qd6 27. Kh2 Qd1 28. Rf4 d5 29. Qf6 Rf8 30. Rc3 Rb7 31. Rcf3 Qxc2 32. g4 Qc7
33. gxh5 Qe7 34. hxg6 Qxf6 35. Rxf6 d4 36. h5 Rfb8 37. h6 Rxb3 38. Rh3
Rxh3+ 39. Kxh3 d3 40. h7+ Kh8 41. Rxf7 1-0

[Event "8th ch-Euro"]
[Site "Dresden GER"]
[Date "2007.04.06"]
[Round "4"]
[White "Luther,T"]
[Black "Sanikidze,T"]
[Result "1/2-1/2"]
[WhiteElo "2580"]
[BlackElo "2446"]
[EventDate "2007.04.03"]

1. e4 c5 2. Nf3 d6 3. d4 cxd4 4. Nxd4 Nf6 5. f3 Qb6 6. c4 Nc6 7. Nc2 g6 8.
b3 Bg7 9. Be3 Qa5+ 10. Qd2 Qxd2+ 11. Kxd2 e6 12. Nc3 O-O 13. Rd1 Rd8 14.
Be2 d5 15. cxd5 exd5 16. exd5 Ne7 17. Kc1 Nexd5 18. Nxd5 Nxd5 19. Nb4 Be6
20. Nxd5 Bxd5 21. Kb1 Be6 22. Rxd8+ Rxd8 23. Bd1 Re8 24. Bc2 Bxb3 25. Bxb3
Rxe3 26. Rd1 Re7 27. Rd8+ Bf8 28. Bd5 Kg7 29. Rb8 Rd7 30. Be4 b6 31. Rb7
Rd1+ 32. Kc2 Rg1 33. f4 Re1 34. Kd3 Bc5 35. Bf3 a5 36. a4 h5 37. Rd7 Kf6
38. Bd5 Re7 39. Rxe7 1/2-1/2

[Event "8th ch-Euro"]
[Site "Dresden GER"]
[Date "2007.04.06"]
[Round "4"]
[White "Damljanovic,B"]
[Black "Manca,F"]
[Result "1-0"]
[WhiteElo "2590"]
[BlackElo "2417"]
[EventDate "2007.04.03"]

1. Nf3 Nf6 2. c4 g6 3. Nc3 Bg7 4. e4 d6 5. d4 O-O 6. h3 e5 7. d5 a5 8. Bg5
Na6 9. Nd2 h6 10. Be3 Nh7 11. g4 Nc5 12. Rg1 c6 13. Rg3 Bd7 14. Nb3 Nxb3
15. Qxb3 c5 16. Bd3 a4 17. Qc2 Nf6 18. Qd2 Kh7 19. Rb1 Ng8 20. b3 axb3 21.
Rxb3 Ra7 22. Qb2 Qc7 23. h4 Nf6 24. Be2 Qc8 25. g5 hxg5 26. hxg5 Nh5 27.
Bxh5 gxh5 28. f3 Rh8 29. Qh2 Kg6 30. Qh4 Qa8 31. Rg2 Ra3 32. Rgb2 b5 33.
cxb5 c4 34. Rxa3 Qxa3 35. Rc2 Bxb5 36. Qh3 Kh7 37. Bc1 Qa5 38. Bd2 Be8 39.
Ke2 Qb5 40. Rc1 Qb7 41. Rb1 Qc7 42. Be3 Bd7 43. Bb6 Qc8 44. Qh4 Kg6 45. Be3
Qc7 46. Bb6 Qc8 47. a4 Bf8 48. Be3 Be7 49. Rb6 Qa8 50. f4 Bg4+ 51. Kd2 exf4
52. Bxf4 Qd8 53. a5 Bxg5 54. Rxd6+ 1-0

[Event "8th ch-Euro"]
[Site "Dresden GER"]
[Date "2007.04.06"]
[Round "4"]
[White "Hunt,A"]
[Black "Markowski,T"]
[Result "0-1"]
[WhiteElo "2461"]
[BlackElo "2553"]
[EventDate "2007.04.03"]

1. e4 c5 2. Nf3 e6 3. d4 cxd4 4. Nxd4 a6 5. Bd3 Nf6 6. O-O d6 7. c4 b6 8.
Nc3 Bb7 9. a4 Nc6 10. Nxc6 Bxc6 11. Qf3 g6 12. Bg5 Bg7 13. Rfd1 h6 14. Bh4
O-O 15. Bc2 Qe7 16. Rd2 Rfd8 17. Rad1 Rab8 18. b4 Rbc8 19. Bg3 Ne8 20. Ne2
Bb7 21. Qb3 h5 22. Bf4 Ba8 23. f3 d5 24. exd5 exd5 25. cxd5 Bxd5 26. Rxd5
Rxd5 27. Rxd5 Qxe2 28. Bd3 Qe6 29. Be4 f5 30. Bd3 Rc3 0-1

[Event "8th ch-Euro"]
[Site "Dresden GER"]
[Date "2007.04.06"]
[Round "4"]
[White "Guseinov,El"]
[Black "Buhmann,R"]
[Result "1-0"]
[WhiteElo "2432"]
[BlackElo "2547"]
[EventDate "2007.04.03"]

1. e4 e6 2. d3 d5 3. Nd2 Nf6 4. Ngf3 b6 5. c3 Be7 6. Qa4+ c6 7. e5 Nfd7 8.
d4 a5 9. h4 Qc7 10. h5 f6 11. exf6 Bxf6 12. Bd3 Ba6 13. Qc2 Bxd3 14. Qxd3
O-O 15. h6 g6 16. O-O e5 17. dxe5 Bxe5 18. Nxe5 Nxe5 19. Qd4 Na6 20. b4
Rad8 21. Re1 Rf5 22. Nf1 c5 23. bxc5 bxc5 24. Qd1 c4 25. Ng3 Rxf2 26. Rxe5
Qxe5 27. Kxf2 Rf8+ 28. Kg1 Qxg3 29. Qxd5+ Rf7 30. Qd8+ Rf8 31. Qd4 Rf7 32.
Ba3 Qd3 33. Qe5 Nc7 34. Re1 Qf5 35. Qe8+ Nxe8 36. Rxe8+ Rf8 37. Rxf8+ Qxf8
38. Bxf8 Kxf8 39. Kf2 Kf7 40. Ke3 g5 41. Kd4 Kg6 42. Kxc4 Kxh6 43. Kb5 Kg7
44. c4 Kf7 45. c5 Ke7 46. Kb6 Kd8 47. Kb7 1-0

[Event "8th ch-Euro"]
[Site "Dresden GER"]
[Date "2007.04.06"]
[Round "4"]
[White "Loeffler,S"]
[Black "Agrest,E"]
[Result "0-1"]
[WhiteElo "2448"]
[BlackElo "2561"]
[EventDate "2007.04.03"]

1. e4 c5 2. Nf3 d6 3. d4 Nf6 4. dxc5 Qa5+ 5. c3 Qxc5 6. Na3 a6 7. Nc4 Nbd7
8. Be3 Qc7 9. e5 dxe5 10. Nfxe5 b5 11. Nxd7 Nxd7 12. Nd2 e6 13. Qg4 Bb7 14.
Be2 Nf6 15. Qh3 Nd5 16. O-O Be7 17. a4 Nxe3 18. Qxe3 Bd6 19. Nf3 Bc5 20.
Qg5 h6 21. Qxg7 O-O-O 22. Qg3 Bd6 23. Qh3 Rhg8 24. axb5 axb5 25. Bxb5 Qb6
26. c4 Rg7 27. Rfd1 Rdg8 28. Ne1 Bc5 29. Kf1 Bxf2 30. Qxh6 Be3 31. Qf6 Rg5
32. Rd7 Rf5+ 33. Qxf5 exf5 34. Rad1 Qg6 35. Ke2 Bc5 0-1

[Event "8th ch-Euro"]
[Site "Dresden GER"]
[Date "2007.04.06"]
[Round "4"]
[White "Skoberne,J"]
[Black "Oleksienko,M"]
[Result "0-1"]
[WhiteElo "2436"]
[BlackElo "2541"]
[EventDate "2007.04.03"]

1. e4 d6 2. d4 Nf6 3. Nc3 g6 4. f4 Bg7 5. Nf3 O-O 6. Bd3 Na6 7. O-O c5 8.
d5 Rb8 9. Qe2 Nc7 10. a4 Bg4 11. h3 Bxf3 12. Qxf3 a6 13. a5 e6 14. dxe6
fxe6 15. Be3 Qe7 16. Bc4 Nd7 17. Rad1 Ne5 18. Qe2 Nc6 19. f5 gxf5 20. exf5
d5 21. fxe6 dxc4 22. Rxf8+ Qxf8 23. Qxc4 Ne5 24. Qe4 Nxe6 25. Rd5 Qf6 26.
Rd6 Rd8 27. Rxd8+ Qxd8 28. Qxb7 Qxa5 29. Qd5 Qb6 30. Qa8+ Kf7 31. Qe4 Nd4
32. Qd5+ Qe6 33. Qxc5 Nxc2 34. Ne4 Qc6 35. Qa7+ Kg6 36. Ng3 Ne1 0-1

[Event "8th ch-Euro"]
[Site "Dresden GER"]
[Date "2007.04.06"]
[Round "4"]
[White "Pirrot,D"]
[Black "Drozdovskij,Y"]
[Result "0-1"]
[WhiteElo "2420"]
[BlackElo "2562"]
[EventDate "2007.04.03"]

1. e4 e6 2. d4 d5 3. e5 c5 4. c3 Nc6 5. Nf3 Bd7 6. Bd3 cxd4 7. cxd4 Qb6 8.
O-O Nxd4 9. Nbd2 Ne7 10. Nxd4 Qxd4 11. Nf3 Qa4 12. b3 Qa5 13. Bd2 Qd8 14.
Re1 Nc6 15. a3 Be7 16. b4 a6 17. Qb1 h6 18. Qb3 a5 19. Rab1 axb4 20. axb4
Qb6 21. Be3 Qxb4 22. Qd1 Qa5 23. Rxb7 Rb8 24. Bd2 Qa8 25. Rxb8+ Qxb8 26.
Bb1 Qb2 27. Re3 Nd4 28. Bc3 Ne2+ 29. Rxe2 Qxc3 30. Rc2 Qb4 31. Rc7 Bd8 32.
Ra7 Qb8 33. Ra3 Bb6 34. h4 Bxf2+ 35. Kh2 Ke7 36. Rb3 Qc7 37. Qd2 Bc5 38.
Qf4 Rb8 39. Rxb8 Qxb8 0-1

[Event "8th ch-Euro"]
[Site "Dresden GER"]
[Date "2007.04.06"]
[Round "4"]
[White "Brener,I"]
[Black "Novikov,St"]
[Result "0-1"]
[WhiteElo "2413"]
[BlackElo "2535"]
[EventDate "2007.04.03"]

1. e4 g6 2. d4 Bg7 3. Nc3 c6 4. h3 b5 5. Nf3 d6 6. Bd3 Nd7 7. O-O Bb7 8.
Bg5 Qc7 9. Re1 h6 10. Be3 b4 11. Na4 e6 12. a3 bxa3 13. Rxa3 Ne7 14. Qd2 c5
15. dxc5 dxc5 16. Bb5 Bc6 17. Bxc6 Qxc6 18. Nc3 Nb6 19. Qe2 O-O 20. Nd2 f5
21. f3 Bd4 22. Kh1 f4 23. Bg1 Rfd8 24. Nc4 g5 25. Rea1 Ng6 26. Ra6 Bxc3 27.
Nxb6 axb6 28. bxc3 Ne5 29. Bf2 Kf7 30. Be1 Kf6 31. Kg1 Rdb8 32. c4 Rxa6 33.
Rxa6 Qb7 34. Ra1 Nc6 35. Bc3+ Kf7 36. Rd1 Qc7 37. e5 Rd8 38. Rb1 Ne7 39.
Be1 Nf5 40. Bf2 Qc6 41. c3 h5 42. h4 gxh4 43. Kh2 Kg6 44. Qb2 Kg5 45. Re1
Rd3 46. Qc1 Ng3 47. Qb1 Rd7 48. Kh3 Qc7 49. Rd1 Rxd1 50. Qxd1 Nf5 51. Qe1
Qd7 52. Bxh4+ Kg6 53. Qe2 Ne3 54. Kh2 Qd2 55. Qxd2 Nf1+ 56. Kg1 Nxd2 57.
Bd8 Nxc4 58. Kf2 Kf5 59. Bc7 b5 0-1

[Event "8th ch-Euro"]
[Site "Dresden GER"]
[Date "2007.04.06"]
[Round "4"]
[White "Khmelniker,I"]
[Black "Ovetchkin,R"]
[Result "0-1"]
[WhiteElo "2411"]
[BlackElo "2534"]
[EventDate "2007.04.03"]

1. d4 Nf6 2. c4 e6 3. Nc3 Bb4 4. Qc2 O-O 5. a3 Bxc3+ 6. Qxc3 d6 7. Nf3 b6
8. g3 Nbd7 9. Bg2 Ba6 10. O-O Rc8 11. b4 c5 12. dxc5 bxc5 13. b5 Bb7 14.
Bb2 d5 15. e3 Nb6 16. Ne5 Na4 17. Qc2 Nxb2 18. Qxb2 Qa5 19. Rfd1 Qa4 20.
Rac1 a6 21. g4 Rfd8 22. g5 Ne8 23. cxd5 axb5 24. e4 Nd6 25. Qe2 exd5 26.
exd5 Re8 27. Re1 Qf4 28. Qe3 Qxe3 29. Rxe3 c4 30. Ree1 Ra8 31. Rc3 f6 32.
gxf6 gxf6 33. Nf3 Bxd5 34. Rd1 Ne4 35. Rcc1 Bf7 36. Nd4 Rab8 37. Nf5 Bg6
38. Nh4 Nc5 39. Nxg6 hxg6 40. Rd6 Kg7 41. Rc6 Rec8 42. Rd6 Rd8 43. Rc6 Rbc8
44. h4 Nb3 45. Rxc8 Rxc8 46. Rc3 f5 47. Kf1 Kf6 48. Ke1 Rc7 49. Kd1 Rd7+
50. Ke1 Ra7 51. Bc6 Rxa3 52. f4 Ra1+ 53. Kf2 Nd4 0-1

[Event "8th ch-Euro"]
[Site "Dresden GER"]
[Date "2007.04.06"]
[Round "4"]
[White "Kuba,G"]
[Black "Anastasian,A"]
[Result "1-0"]
[WhiteElo "2403"]
[BlackElo "2587"]
[EventDate "2007.04.03"]

1. e4 c5 2. Nf3 Nf6 3. Nc3 d5 4. exd5 Nxd5 5. Bb5+ Bd7 6. Qe2 Nf6 7. d4
cxd4 8. Nxd4 a6 9. Bxd7+ Qxd7 10. Be3 g6 11. O-O-O Bg7 12. Nb3 Qc8 13. Bc5
O-O 14. Qxe7 Nc6 15. Qe3 Re8 16. Qg3 a5 17. Rhe1 Rxe1 18. Rxe1 a4 19. Nd2
Qf5 20. Nde4 Nxe4 21. Nxe4 Qd5 22. Qe3 h6 23. Kb1 Rd8 24. a3 Ne5 25. Nc3
Qxg2 26. Qg3 Qxg3 27. hxg3 Nc4 28. Nxa4 f5 29. b3 Nd2+ 30. Kc1 Ne4 31. Be3
b5 32. Nc5 Kf7 33. Nxe4 fxe4 34. Bd2 Bf8 35. Rxe4 Bxa3+ 36. Kd1 Be7 37. Ke2
h5 38. Rxe7+ 1-0

[Event "8th ch-Euro"]
[Site "Dresden GER"]
[Date "2007.04.06"]
[Round "4"]
[White "Can,E"]
[Black "Smeets,J"]
[Result "1-0"]
[WhiteElo "2409"]
[BlackElo "2538"]
[EventDate "2007.04.03"]

1. e4 c5 2. Nf3 e6 3. c3 Nf6 4. e5 Nd5 5. d4 cxd4 6. cxd4 d6 7. Bc4 Nb6 8.
Bd3 dxe5 9. dxe5 Na6 10. Qe2 Nc5 11. Bc2 Nd5 12. O-O Bd7 13. Nc3 Nxc3 14.
bxc3 Be7 15. Rd1 Qc7 16. Bg5 Bc6 17. Bxe7 Qxe7 18. Nd4 Rc8 19. Rab1 g6 20.
Qe3 O-O 21. Rb4 Rfd8 22. Re1 Na6 23. Rbb1 b6 24. Qh6 Be8 25. Re4 Qf8 26.
Qh3 Qg7 27. Rbe1 Rc5 28. Bb3 Nc7 29. Qh4 Rc8 30. c4 Bc6 31. R4e3 Bb7 32. f4
Ba6 33. f5 Bxc4 34. f6 Qf8 35. Rh3 h5 36. Qg5 Bxb3 37. Nxb3 Rc4 38. Rxh5
Nd5 39. Rh3 Rf4 40. Rf1 Rcc4 41. Rxf4 Nxf4 42. Rh6 Rc1+ 43. Kf2 Rc2+ 44.
Kf1 Nxg2 45. Nd2 1-0

[Event "8th ch-Euro"]
[Site "Dresden GER"]
[Date "2007.04.06"]
[Round "4"]
[White "Mastrovasilis,A"]
[Black "Martinovic,Sa"]
[Result "1-0"]
[WhiteElo "2543"]
[BlackElo "2378"]
[EventDate "2007.04.03"]

1. c4 e5 2. g3 Nc6 3. Bg2 g6 4. Nc3 Bg7 5. e4 d6 6. Nge2 Nge7 7. O-O O-O 8.
d3 a6 9. Bg5 h6 10. Be3 Be6 11. Nd5 f5 12. d4 fxe4 13. Nxe7+ Nxe7 14. d5
Bg4 15. Bxe4 Nf5 16. Qd3 Qf6 17. Kg2 h5 18. f3 Nxe3+ 19. Qxe3 Bf5 20. h4
Kh7 21. g4 Bxe4 22. Qxe4 Kg8 23. g5 Qf5 24. Ng3 Qxe4 25. Nxe4 b6 26. Kg3
Rf4 27. Rfe1 a5 28. Re3 Rff8 29. Kf2 Kf7 30. Ke2 Ke7 31. Kd2 Kd7 32. Kc2
Rf4 33. Rh1 Raf8 34. Rh3 Kc8 35. Kb3 Kb7 36. Ka4 Ra8 37. Kb5 Bf8 38. Ra3
Rc8 39. Rd3 Ra8 40. Ka4 Be7 41. Kb3 Kc8 42. Kc2 Kd7 43. Kd2 Rb8 44. Rb3
Rbf8 45. Ke2 Kc8 46. Re3 Kd7 47. Rh1 Ra8 48. Kf2 Bf8 49. Ra3 Rb8 50. Rb3
Ra8 51. Kg3 Bg7 52. Rd1 Rff8 53. Rdd3 Ke7 54. Ra3 Kd7 55. Ra4 Rab8 56. Rb3
Kc8 57. Rb5 Kd7 58. Ra3 Ra8 59. Rd3 Rfb8 60. Rbb3 Rf8 61. Rbc3 Rab8 62. b3
Ra8 63. a3 Ra7 64. b4 axb4 65. axb4 Ra4 66. c5 bxc5 67. bxc5 Rd4 68. c6+
Ke7 69. Rb3 Rxd3 70. Rxd3 Rc8 71. Ra3 Kf7 72. Ra7 Bf8 73. Kf2 Be7 74. Ke2
Ke8 75. Nc3 Bd8 76. Nb5 Ke7 77. Kd3 1-0

[Event "8th ch-Euro"]
[Site "Dresden GER"]
[Date "2007.04.06"]
[Round "4"]
[White "Naumann,A"]
[Black "Richter,Mic"]
[Result "1-0"]
[WhiteElo "2549"]
[BlackElo "2396"]
[EventDate "2007.04.03"]

1. Nf3 d5 2. d4 Nf6 3. c4 e6 4. Nc3 Bb4 5. cxd5 exd5 6. Bg5 h6 7. Bh4 g5 8.
Bg3 Ne4 9. Nd2 Nxg3 10. hxg3 c6 11. e3 Bf5 12. Be2 Nd7 13. Bg4 Bxg4 14.
Qxg4 Bxc3 15. bxc3 Qa5 16. Rc1 Qxa2 17. c4 O-O-O 18. Qf5 Kb8 19. c5 Qa6 20.
Qxf7 Rhf8 21. Qh5 Nf6 22. Qe2 Qxe2+ 23. Kxe2 h5 24. Ra1 Rf7 25. Ra3 Re8 26.
f3 Rfe7 27. Rha1 a6 28. Re1 Rg8 29. Rb1 Kc8 30. Rf1 g4 31. fxg4 Nxg4 32.
Rf5 Rge8 33. Nf1 Rh8 34. Rb3 Kb8 35. Nd2 Rhe8 36. e4 dxe4 37. Nc4 Rd8 38.
Na5 Kc8 39. Rb4 Red7 40. Nc4 Kb8 41. Nb6 Rh7 42. Rf4 Re7 43. Rb1 Ka7 44.
Rh1 Rg7 45. Rxh5 a5 46. Rh4 Rdg8 47. Rh1 Ka6 48. Nc4 a4 49. Ra1 Nh6 50. Nd6
b5 51. cxb6 Rxg3 52. b7 Rxg2+ 53. Rf2 Rxf2+ 54. Kxf2 Ng4+ 55. Ke2 Kb6 56.
Rb1+ Ka7 57. Nc8+ Kb8 58. Ne7 1-0

[Event "8th ch-Euro"]
[Site "Dresden GER"]
[Date "2007.04.06"]
[Round "4"]
[White "Erdogdu,M"]
[Black "Cvitan,O"]
[Result "1/2-1/2"]
[WhiteElo "2409"]
[BlackElo "2536"]
[EventDate "2007.04.03"]

1. e4 c6 2. d4 d5 3. e5 Bf5 4. Be3 e6 5. Nd2 Nd7 6. c3 Bg6 7. Ngf3 Ne7 8.
Be2 Nf5 9. Bg5 Be7 10. Bxe7 Nxe7 11. O-O O-O 12. Nh4 c5 13. Nxg6 Nxg6 14.
Nf3 cxd4 15. cxd4 Qb6 16. Qd2 Rfc8 17. Rfc1 Ne7 18. b4 Qd8 19. Qf4 Ng6 20.
Qd2 Nb6 21. Rc5 Nd7 22. Rcc1 Nb6 23. Rc5 1/2-1/2

[Event "8th ch-Euro"]
[Site "Dresden GER"]
[Date "2007.04.06"]
[Round "4"]
[White "Narciso Dublan,M"]
[Black "Estremera Panos,S"]
[Result "1-0"]
[WhiteElo "2537"]
[BlackElo "2386"]
[EventDate "2007.04.03"]

1. d4 Nf6 2. c4 e6 3. Nc3 Bb4 4. Qc2 O-O 5. a3 Bxc3+ 6. Qxc3 b6 7. Bg5 Bb7
8. e3 d6 9. Ne2 Nbd7 10. Qd3 h6 11. Bh4 d5 12. cxd5 exd5 13. Nc3 c5 14. Be2
a6 15. O-O c4 16. Qf5 b5 17. Bf3 Nb6 18. e4 Qc8 19. Qxc8 Raxc8 20. e5 g5
21. Bxg5 hxg5 22. exf6 Rce8 23. Bg4 Bc8 24. Bxc8 Rxc8 25. Rae1 Rfe8 26. Re3
Kf8 27. Rh3 Kg8 28. Rg3 Re6 29. Rxg5+ Kf8 30. Nxd5 Nxd5 31. Rxd5 Re2 32.
Rb1 Kg8 33. Rg5+ Kf8 34. d5 Rd2 35. Rh5 Kg8 36. Rg5+ Kf8 37. g4 Re8 38. Rh5
Kg8 39. Rg5+ Kf8 40. h4 Re4 41. h5 Rf4 42. h6 Rfxf2 43. Rh5 Kg8 44. h7+ Kh8
45. Re1 Rg2+ 46. Kh1 Rge2 47. Rxe2 Rxe2 48. g5 Re5 49. d6 Rd5 50. g6 Rxh5+
51. Kg2 fxg6 52. f7 Rf5 53. d7 Rxf7 54. d8=Q+ Kxh7 55. Qc8 a5 56. Qh3+ Kg8
57. Qe6 Kf8 58. Qd6+ Kg8 59. Qb8+ 1-0

[Event "8th ch-Euro"]
[Site "Dresden GER"]
[Date "2007.04.06"]
[Round "4"]
[White "Rocha,S"]
[Black "Ruck,R"]
[Result "0-1"]
[WhiteElo "2400"]
[BlackElo "2531"]
[EventDate "2007.04.03"]

1. e4 c6 2. d4 d5 3. Nc3 dxe4 4. Nxe4 Bf5 5. Ng3 Bg6 6. Nf3 Nd7 7. h4 h6 8.
h5 Bh7 9. Bd3 Bxd3 10. Qxd3 e6 11. Bd2 Ngf6 12. O-O-O Be7 13. Ne4 O-O 14.
Kb1 c5 15. c4 cxd4 16. Qxd4 Qc7 17. g4 Rfd8 18. g5 Nc5 19. Nxf6+ gxf6 20.
Qe3 hxg5 21. h6 Qc6 22. h7+ Kh8 23. Nxg5 fxg5 24. Bc3+ f6 25. f3 e5 26. a3
Rxd1+ 27. Rxd1 Rd8 0-1